[Event "FRA-chT1A 0708"]
[Site "France"]
[Date "2008.02.10"]
[Round "7.3"]
[White "Steimer, Michel"]
[Black "Carlier, Bruno"]
[Result "0-1"]
[WhiteElo "2163"]
[BlackElo "2398"]
[PlyCount "80"]
[EventDate "2007.10.21"]
[EventType "team"]
[EventRounds "11"]
[EventCountry "FRA"]
[SourceTitle "EXT 2009"]
[Source "ChessBase"]
[SourceDate "2008.11.26"]
[SourceVersion "1"]
[SourceVersionDate "2008.11.26"]
[SourceQuality "1"]
[WhiteTeam "Chess XV"]
[BlackTeam "Cappelle la Grande"]
[WhiteTeamCountry "FRA"]
[BlackTeamCountry "FRA"]

1. d4 g6 2. c4 Bg7 3. Nc3 c5 4. d5 f5 5. Nh3 d6 6. g3 Bxc3+ 7. bxc3 Nf6 8. Bg2 Qa5 9. Qc2 Nbd7 10. 0-0 Qa6 11. Ng5 Qxc4 12. Ne6 Rb8 13. Re1 Nb6 14. e4 Bxe6 15. dxe6 fxe4 16. Bxe4 Qa4 17. Qd3 Nxe4 18. Rxe4 Qc6 19. Bh6 Kd8 20. Rd1 Kc7 21. Bg5 Rbe8 22. c4 h6 23. Bc1 Rd8 24. Ree1 g5 25. Bb2 Rhe8 26. Rc1 Kb8 27. Qg6 Qa4 28. Qxh6 Nxc4 29. Bc3 d5 30. Qxg5 d4 31. Bd2 Nxd2 32. Qxd2 Rd5 33. Qf4+ Kc8 34. Qf7 d3 35. Rc4 d2 36. Rxa4 dxe1Q+ 37. Kg2 Rdd8 38. Qf5 Qc3 39. Rxa7 Qd4 40. Ra8+ Kc7 0-1

[Event "FRA-chT1A 0708"]
[Site "France"]
[Date "2007.12.15"]
[Round "4.4"]
[White "Delaunay, Sebastien"]
[Black "Steimer, Michel"]
[Result "1-0"]
[WhiteElo "2353"]
[BlackElo "2163"]
[PlyCount "51"]
[EventDate "2007.10.21"]
[EventType "team"]
[EventRounds "11"]
[EventCountry "FRA"]
[SourceTitle "EXT 2009"]
[Source "ChessBase"]
[SourceDate "2008.11.26"]
[SourceVersion "1"]
[SourceVersionDate "2008.11.26"]
[SourceQuality "1"]
[WhiteTeam "Nantes"]
[BlackTeam "Chess XV"]
[WhiteTeamCountry "FRA"]
[BlackTeamCountry "FRA"]

1. Nf3 d5 2. c4 c6 3. d4 Nf6 4. e3 a6 5. Be2 b5 6. b3 e6 7. 0-0 Bd6 8. Nbd2 0-0 9. Qc2 Bb7 10. e4 dxe4 11. Nxe4 Be7 12. Rd1 Nbd7 13. Be3 Qb8 14. Nxf6+ Nxf6 15. c5 a5 16. Ne5 Rd8 17. Bd3 h6 18. Qe2 Rd5 19. Bf4 Qd8 20. Nf3 Qf8 21. Rac1 Rdd8 22. Bc7 Rd7 23. Bg3 Rad8 24. Bb1 Bxc5 25. dxc5 Rxd1+ 26. Rxd1 1-0

[Event "FRA-chT2 West 0607"]
[Site "France"]
[Date "2007.04.01"]
[Round "11.6"]
[White "Steimer, Michel"]
[Black "Restout, Bruce"]
[Result "1-0"]
[WhiteElo "2182"]
[BlackElo "2016"]
[PlyCount "67"]
[EventDate "2006.10.15"]
[EventType "team"]
[EventRounds "11"]
[EventCountry "FRA"]
[SourceTitle "EXT 2008"]
[Source "ChessBase"]
[SourceDate "2007.11.25"]
[SourceVersion "1"]
[SourceVersionDate "2007.11.25"]
[SourceQuality "1"]
[WhiteTeam "Chess XV II"]
[BlackTeam "Agneaux Saint Lo"]
[WhiteTeamCountry "FRA"]
[BlackTeamCountry "FRA"]

1. d4 Nf6 2. c4 e6 3. Nf3 Bb4+ 4. Bd2 Qe7 5. g3 Nc6 6. Bg2 Bxd2+ 7. Nbxd2 0-0 8. 0-0 d6 9. e4 e5 10. d5 Nb8 11. Ne1 a5 12. Nd3 Na6 13. Qc2 Bd7 14. b3 c6 15. a3 cxd5 16. exd5 Bf5 17. Qc3 Rfc8 18. Rae1 b5 19. Nxe5 dxe5 20. d6 Qxd6 21. Bxa8 Rxa8 22. cxb5 Nc7 23. Nc4 Qd4 24. Qxd4 exd4 25. Re5 Bc2 26. Nb6 Rd8 27. Rc5 Bxb3 28. Rxc7 d3 29. Nc4 Ne4 30. Nxa5 Bc2 31. b6 Nd2 32. b7 Nf3+ 33. Kh1 d2 34. Rc8 1-0

[Event "Syre Memorial op 29th"]
[Site "Issy les Moulineaux"]
[Date "2006.05.27"]
[Round "5"]
[White "Ruin, Gilles"]
[Black "Steimer, Michel"]
[Result "0-1"]
[WhiteElo "1978"]
[BlackElo "2170"]
[PlyCount "74"]
[EventDate "2006.05.25"]
[EventType "swiss"]
[EventRounds "6"]
[EventCountry "FRA"]
[SourceTitle "EXT 2007"]
[Source "ChessBase"]
[SourceDate "2006.11.23"]
[SourceVersion "1"]
[SourceVersionDate "2006.11.23"]
[SourceQuality "1"]

1. Nf3 d5 2. g3 Nf6 3. Bg2 c6 4. 0-0 Bg4 5. d3 Nbd7 6. Nbd2 e5 7. e4 Bd6 8. Qe1 0-0 9. Kh1 Qc7 10. h3 Bxf3 11. Nxf3 Rfe8 12. Nh4 g6 13. Bh6 Bf8 14. Bxf8 Rxf8 15. Qc3 dxe4 16. dxe4 Rad8 17. Rae1 Rfe8 18. f4 Nh5 19. f5 g5 20. g4 Nf4 21. Nf3 h6 22. Rf2 Nb6 23. Bf1 f6 24. Kh2 Kg7 25. Kg3 Na4 26. Qb4 b5 27. c4 a6 28. cxb5 cxb5 29. b3 Qc5 30. Qxc5 Nxc5 31. Rd2 Rxd2 32. Nxd2 Rd8 33. Nb1 Rd4 34. Nc3 b4 35. Ne2 Nxe4+ 36. Kh2 Rd2 37. Rc1 Nc3 0-1

[Event "Syre Memorial op 29th"]
[Site "Issy les Moulineaux"]
[Date "2006.05.25"]
[Round "2"]
[White "Steimer, Michel"]
[Black "Govciyan, Pavel"]
[Result "0-1"]
[WhiteElo "2170"]
[BlackElo "2394"]
[PlyCount "102"]
[EventDate "2006.05.25"]
[EventType "swiss"]
[EventRounds "6"]
[EventCountry "FRA"]
[SourceTitle "EXT 2007"]
[Source "ChessBase"]
[SourceDate "2006.11.23"]
[SourceVersion "1"]
[SourceVersionDate "2006.11.23"]
[SourceQuality "1"]

1. d4 g6 2. c4 Bg7 3. Nc3 c5 4. d5 f5 5. g3 Bxc3+ 6. bxc3 Nf6 7. Bg2 Qa5 8. Qc2 d6 9. Nh3 Nbd7 10. 0-0 Nb6 11. Nf4 Nxc4 12. Ne6 Bxe6 13. dxe6 d5 14. Rd1 Rd8 15. Rb1 Qa6 16. Qb3 b6 17. Bg5 Ne4 18. Bh6 Rg8 19. h4 Rd6 20. Bf4 Rxe6 21. Rxd5 Na5 22. Qa4+ Kf7 23. Qc2 Qc4 24. Rd3 Nc6 25. Rc1 h6 26. Bxh6 Ne5 27. Bf4 a5 28. Re3 Ng4 29. Rxe4 fxe4 30. Bh3 Nf6 31. Bxe6+ Kxe6 32. Bg5 Rd8 33. Rb1 b5 34. Qb3 Qxb3 35. Rxb3 Rb8 36. a4 b4 37. c4 Rd8 38. Be3 Rd1+ 39. Kg2 Kd6 40. Bf4+ e5 41. Bg5 Nd7 42. Re3 Rd4 43. Bd8 Rxc4 44. Bxa5 Kd5 45. Rb3 Nb8 46. g4 Nc6 47. Bb6 e3 48. fxe3 Rxg4+ 49. Kh3 Re4 50. a5 Kc4 51. Rb1 Kb5 0-1

[Event "Syre Memorial op 28th"]
[Site "Issy les Moulineaux"]
[Date "2005.05.07"]
[Round "2"]
[White "Shirazi, Kamran"]
[Black "Steimer, Michel"]
[Result "1-0"]
[WhiteElo "2399"]
[BlackElo "2186"]
[PlyCount "82"]
[EventDate "2005.05.05"]
[EventType "swiss"]
[EventRounds "6"]
[EventCountry "FRA"]
[SourceTitle "EXT 2007"]
[Source "ChessBase"]
[SourceDate "2006.11.23"]
[SourceVersion "1"]
[SourceVersionDate "2006.11.23"]
[SourceQuality "1"]

1. e4 e5 2. Nf3 Nc6 3. d4 exd4 4. Nxd4 Nf6 5. Nxc6 bxc6 6. Bd3 d5 7. Nd2 Bd6 8. 0-0 0-0 9. h3 Re8 10. Re1 h6 11. exd5 cxd5 12. Nf3 c5 13. Rxe8+ Qxe8 14. b3 Bb7 15. Bb2 Qe6 16. Qd2 d4 17. Re1 Qd7 18. Ne5 Qc7 19. Ng4 Nxg4 20. hxg4 Qd8 21. g3 Rb8 22. Be4 Bc8 23. c3 Bxg4 24. cxd4 Bc7 25. Rc1 Qe7 26. Qd3 Re8 27. Bh7+ Kh8 28. dxc5 Qe2 29. Bc3 Qxa2 30. Ra1 Qe2 31. Re1 Qxd3 32. Bxd3 Rxe1+ 33. Bxe1 a5 34. Bc4 Be6 35. Bxe6 fxe6 36. Kf1 Kg8 37. Ke2 h5 38. f4 Kf7 39. Kd3 e5 40. f5 Kf6 41. Ke4 Kg5 1-0

[Event "Syre Memorial op 26th"]
[Site "Issy les Moulineaux"]
[Date "2003.05.29"]
[Round "1.30"]
[White "Steimer, Michel"]
[Black "Moullier, Igor"]
[Result "1-0"]
[WhiteElo "2175"]
[BlackElo "2051"]
[PlyCount "43"]
[EventDate "2003.05.29"]
[EventType "swiss"]
[EventRounds "6"]
[EventCountry "FRA"]
[SourceTitle "CBM 094 Extra"]
[Source "ChessBase"]
[SourceDate "2003.07.09"]
[SourceVersion "2"]
[SourceVersionDate "2003.07.09"]
[SourceQuality "1"]

1. d4 d5 2. c4 c6 3. Nf3 Nf6 4. Nc3 dxc4 5. e4 b5 6. e5 Nd5 7. a4 e6 8. axb5 Nxc3 9. bxc3 cxb5 10. Ng5 Bb7 11. Qh5 g6 12. Qg4 Be7 13. Be2 Nd7 14. Bf3 Bxf3 15. Qxf3 0-0 16. h4 b4 17. Qg3 bxc3 18. h5 Bxg5 19. Bxg5 Qb6 20. Qh4 c2 21. hxg6 Qb1+ 22. Bc1 1-0

[Event "Paris Apsap op 39th"]
[Site "Paris"]
[Date "2003.02.15"]
[Round "3"]
[White "Steimer, Michel"]
[Black "Moussard, Jules"]
[Result "1-0"]
[WhiteElo "2145"]
[BlackElo "1730"]
[PlyCount "71"]
[EventDate "2003.02.23"]
[EventType "swiss"]
[EventRounds "7"]
[EventCountry "FRA"]
[SourceTitle "EXT 2004"]
[Source "ChessBase"]
[SourceDate "2003.11.25"]
[SourceVersion "1"]
[SourceVersionDate "2003.11.25"]
[SourceQuality "1"]

1. d4 e6 2. c4 c5 3. d5 Nf6 4. Nc3 d6 5. e4 e5 6. Bd3 Bg4 7. f3 Bh5 8. Nge2 Be7 9. g4 Bg6 10. h4 h5 11. g5 Nfd7 12. f4 exf4 13. Bxf4 f6 14. Rg1 Ne5 15. Bxe5 fxe5 16. Rf1 Nd7 17. Ng3 a6 18. Be2 Qb6 19. Qb3 Qxb3 20. axb3 0-0-0 21. Nf5 Bxf5 22. exf5 Rdf8 23. Ne4 Nb6 24. Kd2 Kd7 25. Kc3 Nc8 26. b4 cxb4+ 27. Kxb4 Bd8 28. c5 Ne7 29. Nxd6 Nxd5+ 30. Kb3 b6 31. Rxa6 bxc5 32. Bb5+ Kc7 33. Rc6+ Kb8 34. Rc8+ Ka7 35. Ra1+ Kb6 36. Ra6# 1-0

[Event "Nice op 9th"]
[Site "Nice"]
[Date "2002.08.08"]
[Round "4"]
[White "Komljenovic, Davorin"]
[Black "Steimer, Michel"]
[Result "1-0"]
[WhiteElo "2459"]
[BlackElo "2110"]
[PlyCount "37"]
[EventDate "2002.08.05"]
[EventType "swiss"]
[EventRounds "7"]
[EventCountry "FRA"]
[SourceTitle "CBM 089 Extra"]
[Source "ChessBase"]
[SourceDate "2002.09.10"]
[SourceVersion "2"]
[SourceVersionDate "2002.09.10"]
[SourceQuality "1"]

1. c4 e5 2. g3 c6 3. d4 exd4 4. Qxd4 d5 5. cxd5 cxd5 6. Nc3 Nf6 7. Bg5 Be7 8. Nf3 Nc6 9. Qa4 0-0 10. Rd1 Be6 11. Bg2 a6 12. 0-0 b5 13. Qf4 b4 14. Bxf6 Bxf6 15. Nxd5 Bxd5 16. e4 Bxb2 17. exd5 Ne7 18. d6 Nc6 19. Qe4 1-0

[Event "Metz op 20th"]
[Site "Metz"]
[Date "2002.04.14"]
[Round "2"]
[White "Cosma, Ioan"]
[Black "Steimer, Michel"]
[Result "1-0"]
[WhiteElo "2461"]
[BlackElo "2107"]
[PlyCount "43"]
[EventDate "2002.04.13"]
[EventType "swiss"]
[EventRounds "9"]
[EventCountry "FRA"]
[SourceTitle "CBM 087 Extra"]
[Source "ChessBase"]
[SourceDate "2002.05.03"]
[SourceVersion "2"]
[SourceVersionDate "2002.08.09"]
[SourceQuality "1"]

1. d4 d5 2. c4 c6 3. cxd5 cxd5 4. Bf4 Nc6 5. Nc3 Nf6 6. e3 a6 7. Bd3 e6 8. Rc1 Bd6 9. Bxd6 Qxd6 10. f4 b5 11. Nf3 Bb7 12. Ne5 Rc8 13. 0-0 0-0 14. g4 Ne7 15. Qf3 b4 16. g5 bxc3 17. gxf6 cxb2 18. Rxc8 Rxc8 19. Bxh7+ Kf8 20. Qh5 Ng6 21. fxg7+ Kxg7 22. Bxg6 1-0

[Event "Paris Apsap op 39th"]
[Site "Paris"]
[Date "2002.02.15"]
[Round "2"]
[White "Larrouy, Norbert"]
[Black "Steimer, Michel"]
[Result "1-0"]
[WhiteElo "1850"]
[BlackElo "2145"]
[PlyCount "59"]
[EventDate "2003.02.23"]
[EventType "swiss"]
[EventRounds "7"]
[EventCountry "FRA"]
[SourceTitle "EXT 2004"]
[Source "ChessBase"]
[SourceDate "2003.11.25"]
[SourceVersion "1"]
[SourceVersionDate "2003.11.25"]
[SourceQuality "1"]

1. e4 e5 2. Nf3 Nc6 3. Bb5 a6 4. Ba4 Nf6 5. 0-0 Bc5 6. d3 d6 7. Qe2 0-0 8. Be3 Nd4 9. Nxd4 exd4 10. Bg5 h6 11. Bh4 g5 12. Bg3 Bg4 13. f3 Bh5 14. Nd2 Qe7 15. Qf2 b5 16. Bb3 a5 17. a4 c6 18. Rfe1 Qd7 19. e5 Nd5 20. Ne4 f5 21. Bxd5+ cxd5 22. Nf6+ Rxf6 23. exf6 f4 24. Bxf4 gxf4 25. Re7 Qf5 26. Qh4 Rf8 27. axb5 Bb6 28. g4 Qxf6 29. Qxf6 Rxf6 30. gxh5 1-0

[Event "Martinez op-A"]
[Site "Cannes"]
[Date "2000.08.05"]
[Round "8"]
[White "Gaubil, Olivier"]
[Black "Steimer, Michel"]
[Result "1-0"]
[WhiteElo "2003"]
[BlackElo "2079"]
[PlyCount "113"]
[EventDate "2000.07.29"]
[EventType "swiss"]
[EventRounds "9"]
[EventCountry "FRA"]
[SourceTitle "EXT 2001"]
[Source "ChessBase"]
[SourceDate "2000.11.22"]
[SourceVersion "1"]
[SourceVersionDate "2000.11.22"]
[SourceQuality "1"]

1. Nf3 d5 2. d4 Nf6 3. g3 c6 4. Bg2 Bg4 5. h3 Bh5 6. 0-0 e6 7. c4 Nbd7 8. Nbd2 Bd6 9. b3 0-0 10. Re1 Bb4 11. Bb2 dxc4 12. bxc4 Bxf3 13. Bxf3 Qa5 14. Nb3 Qa6 15. Qc2 Bxe1 16. Rxe1 Rfe8 17. g4 h6 18. e4 e5 19. Bg2 c5 20. d5 Rac8 21. Qc3 Qa4 22. Bf1 Qb4 23. Qc1 b5 24. Bd3 Qa4 25. Qc3 Nb6 26. Nd2 bxc4 27. Nxc4 Nxc4 28. Bxc4 Qb4 29. Qc1 Rb8 30. Re2 Qb6 31. f4 Nd7 32. f5 Qf6 33. Bc3 Rb7 34. Re1 Reb8 35. Qc2 Qh4 36. Kg2 Rb2 37. Bxb2 Qxe1 38. Bb3 Qb4 39. Bc3 Qb6 40. Ba4 Rd8 41. Bxd7 Rxd7 42. Bxe5 f6 43. Bc3 Qb5 44. Kf2 Qc4 45. Ke3 Re7 46. Qd3 Qxa2 47. d6 Rd7 48. Qb5 Qf7 49. Qxc5 Kh7 50. Kd4 Rb7 51. Qd5 Qd7 52. Ke3 Rb6 53. e5 fxe5 54. Bxe5 Qa4 55. Bd4 Qa3+ 56. Ke4 Rxd6 57. Qf7 1-0

[Event "Martinez op-A"]
[Site "Cannes"]
[Date "2000.08.04"]
[Round "7"]
[White "Gras, Guillaume"]
[Black "Steimer, Michel"]
[Result "0-1"]
[WhiteElo "2132"]
[BlackElo "2079"]
[PlyCount "96"]
[EventDate "2000.07.29"]
[EventType "swiss"]
[EventRounds "9"]
[EventCountry "FRA"]
[SourceTitle "EXT 2001"]
[Source "ChessBase"]
[SourceDate "2000.11.22"]
[SourceVersion "1"]
[SourceVersionDate "2000.11.22"]
[SourceQuality "1"]

1. d4 d5 2. e3 Nf6 3. Nf3 Bg4 4. Bd3 e6 5. 0-0 c5 6. c3 Nc6 7. Nbd2 Be7 8. Qe1 0-0 9. Ne5 Nxe5 10. dxe5 Nd7 11. f4 Bh5 12. e4 Qb6 13. Kh1 dxe4 14. Bxe4 Bg6 15. c4 Rad8 16. b3 Nb8 17. Bxg6 hxg6 18. Ne4 Nc6 19. Bb2 Nd4 20. Qe3 Rd7 21. Rac1 Rfd8 22. b4 Qxb4 23. Ba3 Qa5 24. g4 Nc6 25. Bxc5 Bxc5 26. Nxc5 Re7 27. Ne4 Red7 28. Nd6 Qxa2 29. Rf2 Qa5 30. Rb1 b6 31. Rb5 Qa1+ 32. Kg2 Qd4 33. Qf3 Na5 34. f5 gxf5 35. gxf5 Nxc4 36. fxe6 fxe6 37. Qh3 Ne3+ 38. Kg3 Nf5+ 39. Nxf5 exf5 40. Qxf5 Qd3+ 41. Rf3 Qxf5 42. Rxf5 Rd3+ 43. Kg4 R3d4+ 44. Kg5 Rd2 45. Rf3 Rxh2 46. Kf5 Kf7 47. e6+ Ke7 48. Kg6 Rg2+ 0-1

[Event "Martinez op-A"]
[Site "Cannes"]
[Date "2000.08.03"]
[Round "6"]
[White "Steimer, Michel"]
[Black "Zawadski, Stephane"]
[Result "0-1"]
[WhiteElo "2079"]
[BlackElo "2209"]
[PlyCount "110"]
[EventDate "2000.07.29"]
[EventType "swiss"]
[EventRounds "9"]
[EventCountry "FRA"]
[SourceTitle "EXT 2001"]
[Source "ChessBase"]
[SourceDate "2000.11.22"]
[SourceVersion "1"]
[SourceVersionDate "2000.11.22"]
[SourceQuality "1"]

1. d4 d5 2. c4 c6 3. Nf3 Nf6 4. Nc3 dxc4 5. e4 b5 6. e5 Nd5 7. a4 e6 8. Ng5 Be7 9. h4 h6 10. Nge4 b4 11. Nb1 Ba6 12. Nbd2 c3 13. Nc4 Bxc4 14. Bxc4 cxb2 15. Bxb2 a5 16. Rc1 Nd7 17. Qg4 g6 18. Bd3 h5 19. Qd1 Qb6 20. 0-0 Rc8 21. Re1 Kf8 22. Qf3 Kg7 23. Bc4 Bxh4 24. Nd6 Rcf8 25. Bb3 f5 26. Rc2 Be7 27. Rec1 Nb8 28. Nc4 Qa6 29. Ne3 Rc8 30. Bc4 Qb7 31. Qe2 Rhd8 32. Bd3 Bg5 33. g3 Rh8 34. Rc5 f4 35. Nc4 fxg3 36. Nd6 gxf2+ 37. Qxf2 Qe7 38. Nxc8 Rxc8 39. Qg2 Be3+ 40. Kh1 Qh4+ 41. Qh2 Qxh2+ 42. Kxh2 Bxc1 43. Bxc1 Rc7 44. Rxa5 Rb7 45. Bb2 g5 46. Kg3 Kh6 47. Ra8 h4+ 48. Kh2 Nc7 49. Ra5 g4 50. Rc5 Nd5 51. a5 g3+ 52. Kg1 Kg5 53. Rc1 Nf4 54. Bc4 h3 55. a6 Rh7 0-1

[Event "Martinez op-A"]
[Site "Cannes"]
[Date "2000.08.01"]
[Round "4"]
[White "Acher, Mathieu"]
[Black "Steimer, Michel"]
[Result "1-0"]
[WhiteElo "2239"]
[BlackElo "2079"]
[PlyCount "81"]
[EventDate "2000.07.29"]
[EventType "swiss"]
[EventRounds "9"]
[EventCountry "FRA"]
[SourceTitle "EXT 2001"]
[Source "ChessBase"]
[SourceDate "2000.11.22"]
[SourceVersion "1"]
[SourceVersionDate "2000.11.22"]
[SourceQuality "1"]

1. e4 e5 2. Nf3 Nc6 3. Bb5 a6 4. Ba4 Nf6 5. 0-0 Bc5 6. d3 b5 7. Bb3 d6 8. c3 Bb6 9. a4 Rb8 10. Na3 b4 11. Nc4 Ba7 12. a5 0-0 13. h3 Ne7 14. Bg5 Ng6 15. Ne3 bxc3 16. bxc3 h6 17. Bxf6 Qxf6 18. Nd5 Qd8 19. Nb4 Qf6 20. Nd5 Qd8 21. Bc4 c6 22. Nb4 Rxb4 23. cxb4 Nf4 24. Kh2 Qf6 25. Ng1 d5 26. Bb3 dxe4 27. dxe4 Rd8 28. Qc2 Rd4 29. Ba4 Bb7 30. Nf3 Rd3 31. Ng1 c5 32. f3 Qg5 33. bxc5 h5 34. c6 Bc8 35. g3 Nxh3 36. Qxd3 Nxg1 37. c7 Kh7 38. Qd8 Qe3 39. Rxg1 Qf2+ 40. Rg2 Qxf3 41. Qxc8 1-0

[Event "Syre Memorial op 23rd"]
[Site "Issy les Moulineaux"]
[Date "2000.06.01"]
[Round "1"]
[White "Guigonis, Dominique"]
[Black "Steimer, Michel"]
[Result "0-1"]
[WhiteElo "2315"]
[BlackElo "2101"]
[PlyCount "71"]
[EventDate "2000.06.01"]
[EventType "swiss"]
[EventRounds "6"]
[EventCountry "FRA"]
[SourceTitle "CBM 076 Extra"]
[Source "ChessBase"]
[SourceDate "2000.07.11"]
[SourceVersion "1"]
[SourceVersionDate "2000.07.11"]
[SourceQuality "1"]

1. d4 g6 2. c4 Bg7 3. Nc3 d6 4. e4 Nc6 5. Be3 e5 6. Nge2 f5 7. f3 fxe4 8. Nxe4 Nf6 9. d5 Nxe4 10. dxc6 Nf6 11. cxb7 Bxb7 12. Nc3 0-0 13. Be2 c6 14. Qb3 Rf7 15. Rd1 Rd7 16. 0-0 Kh8 17. f4 e4 18. f5 Qe8 19. g4 gxf5 20. Rxf5 Bc8 21. Rff1 Rb7 22. Qc2 Bxg4 23. Rxd6 Qg6 24. Kh1 Bf5 25. Qd2 Rg8 26. Rg1 Qe8 27. Rxg7 Kxg7 28. Bg5 Nd7 29. Qd4+ Ne5 30. Bf4 Re7 31. Bh6+ Kh8 32. Rf6 Qd8 33. Qxd8 Rxd8 34. Rxf5 Nf7 35. Be3 Nd6 36. Rf1 0-1

[Event "FRA-ch op FIDE"]
[Site "Paris"]
[Date "1994.??.??"]
[Round "5"]
[White "Bouverot, Olivier"]
[Black "Steimer, Michel"]
[Result "1-0"]
[WhiteElo "2190"]
[BlackElo "2040"]
[PlyCount "77"]
[EventDate "1994.??.??"]
[EventType "swiss"]
[EventRounds "9"]
[EventCountry "FRA"]
[SourceTitle "EXT 1998"]
[Source "ChessBase"]
[SourceDate "1997.11.17"]
[SourceVersion "1"]
[SourceVersionDate "1997.11.17"]
[SourceQuality "1"]

1. d4 d5 2. c4 c6 3. cxd5 cxd5 4. Nf3 Nf6 5. Nc3 Nc6 6. Bf4 e6 7. e3 Nh5 8. Bg5 Qb6 9. a3 h6 10. Bh4 g5 11. Bg3 Nxg3 12. hxg3 Bg7 13. Bd3 Qd8 14. g4 Bd7 15. Rc1 Rc8 16. b4 Kf8 17. g3 a6 18. Kf1 e5 19. Nxe5 Nxe5 20. dxe5 Bxe5 21. Nxd5 Bxg4 22. Rxc8 Qxc8 23. f3 Be6 24. Be4 f5 25. Nb6 Qc7 26. Na8 Qc4+ 27. Bd3 Qc8 28. f4 Bg7 29. Qc2 Qxa8 30. Bxf5 b6 31. Rh2 Qf3+ 32. Rf2 Qd5 33. fxg5 Ke7 34. Bxe6 Qh1+ 35. Ke2 Kxe6 36. Qg6+ Kd5 37. Qxg7 Qh5+ 38. Kd2 Kc4 39. Qxh8 1-0